NBA Player Logos – Part 1 - Statistics

General Stats
  • This quiz has been taken 62 times
  • The average score is 10 of 16
Answer Stats
Picture Answer % Correct
Michael Jordan
100%
Kevin Durant
91%
Shaquille O'Neal
83%
Kyrie Irving
80%
Jayson Tatum
78%
Kobe Bryant
72%
Chris Paul
65%
Derrick Rose
59%
LaMelo Ball
57%
Damian Lillard
56%
Paul George
54%
Allen Iverson
50%
Russell Westbrook
41%
Luka Dončić
33%
Klay Thompson
31%
Shai Gilgeous-Alexander
31%
No matching quizzes found
Score Distribution
Percent of People with Each Score
Percentile by Number Answered
Your Score History
You have not taken this quiz